000 00394nam a2200157Ia 4500
008 230917s9999||||xx |||||||||||||| ||und||
040 _e138481
_aMAIN
041 _aEnglish
082 _a005.133 D293F
100 _aDavis, Gordon B
245 0 _aFortran 77: atructured, disciplined stlyle
250 _a3rd ed.
260 _aNew York
_bMcGraw-Hill
_c1988
300 _a434p. p.
942 _cBK
999 _c62083
_d62083